Adapting to change (Record no. 80491)
[ view plain ]
| 000 -LEADER | |
|---|---|
| fixed length control field | 00831cab a22001815a 4500 |
| 001 - CONTROL NUMBER | |
| control field | L144493 |
| 008 - FIXED-LENGTH DATA ELEMENTS--GENERAL INFORMATION | |
| fixed length control field | 080723s2008 xxkdo f s 000 0 eng d |
| 035 ## - SYSTEM CONTROL NUMBER | |
| System control number | (Sirsi) u144493 |
| 041 0# - LANGUAGE CODE | |
| Language code of text/sound track or separate title | eng |
| 100 1# - MAIN ENTRY--PERSONAL NAME | |
| Personal name | Mayes, Duncan |
| 245 00 - TITLE STATEMENT | |
| Title | Adapting to change |
| 260 ## - PUBLICATION, DISTRIBUTION, ETC. | |
| Date of publication, distribution, etc. | 2008 |
| 490 ## - SERIES STATEMENT | |
| Series statement | Farmland Market |
| 520 ## - SUMMARY, ETC. | |
| Summary, etc. | Article looks to the future of rural surveying and makes recommendations for the development of the profession based upon predicted future profitability levels of particular aspects of rural surveying practice. The author has based his comments on a questionnaire sent out to 602 randomly selected rural surveyors (10% of the population), of which 172 were completed; and the suggestions made cover the next ten years. |
| 651 #4 - SUBJECT ADDED ENTRY--GEOGRAPHIC NAME | |
| Geographic name | United Kingdom |
| Chronological subdivision | |
| 690 ## - LOCAL SUBJECT ADDED ENTRY--TOPICAL TERM (OCLC, RLIN) | |
| Topical term or geographic name as entry element | MANAGEMENT-BUSINESS MANAGEMENT |
| 942 ## - ADDED ENTRY ELEMENTS (KOHA) | |
| Suppress in OPAC | 0 |
| Withdrawn status | Lost status | Source of classification or shelving scheme | Damaged status | Not for loan | Home library | Current library | Shelving location | Date acquired | Total Checkouts | Full call number | Barcode | Date last seen | Copy number | Price effective from | Koha item type |
|---|---|---|---|---|---|---|---|---|---|---|---|---|---|---|---|
| Dewey Decimal Classification | London | London | Journal article | 23/07/2008 | L144493 | 144493-1001 | 06/08/2019 | 1 | 06/08/2019 | Journal article |